| 000 | 00460cam a2200181ua 4500 | ||
|---|---|---|---|
| 020 | _c7.00 | ||
| 041 |
_amal _h |
||
| 082 |
_a894.81209 _bKUT/KA |
||
| 100 | _aKuttikrishna, Marar . | ||
| 245 |
_aKala jeevitham thanne / _cKuttikrishna Marar. _hTextual Documents |
||
| 250 |
_a1 / _b. |
||
| 260 |
_a : _bMarar Shashtipoorthi Aghosha committee , _c1965. |
||
| 300 | _a320 ; . | ||
| 365 | _a7.00 | ||
| 504 | _a | ||
| 942 | _cBK | ||
| 999 |
_c12820 _d12820 |
||